Atlas de Anatomía Humana / (Registro nro. 3318)

Detalles MARC
000 -LEADER
fixed length control field 00861nam a2200181 a 4500
008 - CAMPO DE CONTROL (LIBRO)
fixed length control field 260220e2023 sp a|||f |||| 00| 0 spa d
020 ## - INTERNATIONAL STANDARD BOOK NUMBER
ISBN 9780323760287
041 ## - CODIGO DE IDIOMA
Código de idioma del texto/pista de sonido o título separado spa
092 ## - SIGNATURA TOPOGRAFICA DEWEY LOCAL
número de clasificación 611.022
libristica NET
sección 55
100 1# - ENTRADA PRINCIPAL--NOMBRE PERSONAL
Nombre personal Netter, Frank H.
9 (RLIN) 147
245 ## - TITULO PROPIAMENTE DICHO
Título Atlas de Anatomía Humana /
Mención de responsabilidad y remanente de la transcripción de la portada Frank H. Netter.
250 ## - MENCION DE EDICION
Mención de edición 8va ed. versión en español de la obra original en inglés
Mención de responsabilidad relacionada con la ed. Traducción Elsevier España
260 ## - PIE DE IMPRENTA
Lugar de publicación, distribución, etc Barcelona:
Nombre de la editorial, distribuidor, etc Elsevier;
Fecha de publicación 2023.
300 ## - DESCRIPCION FISICA
Extension 716 p.
Otros detalles físicos il. tablas.
500 ## - NOTA GENERAL
Nota general Netter, F. H. (2019). Atlas de anatomía humana. (7a ed.). Barcelona : Elsevier ; Masson. <br/><br/>Compra uncoma julio 2019. Ejemplar mojado por Sofia Lara, se mantuvo ejemplar e inventario. Lo repuso 25/11/2019.
590 ## - NOTAS LOCALES (RLIN)
Nota local Libro reemplazado por Said Alvarez, libro fue mojado. Reposición el 6/5/2024 por 8va ed. Se mantiene el inventario.
942 ## - ADDED ENTRY ELEMENTS (KOHA)
Source of classification or shelving scheme Dewey Decimal Classification
Item type Libros
Existencias
Estado de retiro Existencia Fuente de clasificación Estado general No para prestamo Ubicación permanente ubicación actual Sala de ubicación Fecha de adquisición Fuente de adquisición Total Checkouts Número de clasificación Código de barras Date last seen Date last borrowed Número de ejemplar Price effective from Koha tipo de elemento (item) Public note Coded location qualifier
    Dewey Decimal Classification     Biblioteca Medicina Biblioteca Medicina Circulación 06/05/2024 Reemplazo a 8va ed. por libro mojado Alvarez Said, mayo 2024. 5 611.022 55 NET 4450 28/04/2026 22/04/2026 Ej. 30 20/02/2026 Libros Compra uncoma 2019, ejemplar mojado y reemplazado por Lara Sofia, se mantuvo ejemplar e inventario. Lo repuso 25/11/2019.  

UNIVERSIDAD NACIONAL DEL COMAHUE
Biblioteca de la Facultad de Ciencias Médicas
Sede Toschi: Los Arrayanes y Av. Toschi, Cipolletti  - Rio Negro
Sede Los Tordos:  Yrigoyen al 2211, Cipolletti - Rio Negro 

Teléfono: 0299 - 4774707 int 25
Contacto: biblioteca@facimed.uncoma.edu.ar
© 2011 - 2026